| 000 | 00490nam a2200169Ia 4500 | ||
|---|---|---|---|
| 008 | 230917s9999||||xx |||||||||||||| ||und|| | ||
| 020 | _cRS1295 | ||
| 040 |
_e259666 _aMAIN |
||
| 041 | _aEnglish | ||
| 082 | _a891.4409 Z19B | ||
| 100 | _aZbavitel, Dusan | ||
| 245 | 0 | _aBengali literature | |
| 260 |
_aNew Delhi _bManohar Publishers and Distributors _c2020 |
||
| 300 | _a120-307 p. | ||
| 500 | _a3813 12/12/2019 RK19/2622 11/12/2019 Ch. Ranbir Singh Institute of Social and | ||
| 942 | _cBK | ||
| 999 |
_c33803 _d33803 |
||